00000000cas 2200000zi 4500
0019.853054
003CaOODSP
00520251222072625
006m     o  d f      
007cr cn ||||||||
008180307d19822007oncmr p os   f0   a0fre|d
022 |a2290-8404
040 |aCaOODSP|bfre|erda|cCaOODSP
0410 |aeng|afre
043 |an-cn---
0861 |aIu74-6-PDF
222 0|aBankruptcy statistics
24510|aBankruptcy statistics for the month of ... = |bStatistiques de faillite pour le mois de ...
24631|aStatistiques de faillite pour le mois de ...
2461 |aBankruptcy statistics = |bStatistiques de faillites
24631|aStatistiques de faillites
264 1|a[Ottawa] : |bOffice of the Superintendent of Bankruptcy = Bureau du surintendant des faillites, |c[1982?-2007]
310 |aMensuel
336 |atexte|btxt|2rdacontent/fre
337 |ainformatique|bc|2rdamedia/fre
338 |aressource en ligne|bcr|2rdacarrier/fre
3621 |aParaît depuis 1982?; ne paraît plus après : Décembre 2007.
500 |aÉdition numérisée de l'imprimé (les livraisons de 1983-2003) [par Innovation, sciences et développement économique Canada].
500 |aL'ordre des titres varie dans certaines livraisons.
546 |aTexte en anglais et en français.
580 |aScindé en : Insolvency statistics in Canada (Mensuel), et: Statistiques sur l'insolvabilité au Canada (Mensuel).
588 |aDescription d'après : Janvier 1983; titre de la page couverture du fichier PDF.
588 |aDernière livraison consultée : Décembre 2007.
650 6|aFaillite|zCanada|vStatistiques|vPériodiques.
655 7|aPériodiques|2rvmgf
655 7|aStatistiques|2rvmgf
7101 |aCanada. |bBureau du Surintendant des faillites, |eorganisme de publication.
78500|tStatistiques sur l'insolvabilité au Canada.|w(CaOODSP)9.504292
788 |tBankruptcy statistics for the month of ... = |eeng|w(CaOODSP)9.853052